Thatta / (Record no. 23527)
[ view plain ]
| 000 -LEADER | |
|---|---|
| fixed length control field | 00812cam a22002771 4500 |
| 001 - CONTROL NUMBER | |
| control field | 8912168 |
| 003 - CONTROL NUMBER IDENTIFIER | |
| control field | BDDh-ASL |
| 005 - DATE AND TIME OF LATEST TRANSACTION | |
| control field | 20231015030243.0 |
| 008 - FIXED-LENGTH DATA ELEMENTS--GENERAL INFORMATION | |
| fixed length control field | 790416s19631958pk abf 000 0 eng |
| 010 ## - LIBRARY OF CONGRESS CONTROL NUMBER | |
| LC control number | sa 63001256 |
| 025 ## - OVERSEAS ACQUISITION NUMBER | |
| Overseas acquisition number | PL480: P-E-202 |
| 035 ## - SYSTEM CONTROL NUMBER | |
| System control number | (OCoLC)4860420 |
| 040 ## - CATALOGING SOURCE | |
| Original cataloging agency | DLC |
| Transcribing agency | MnU |
| Modifying agency | OCoLC |
| -- | DLC |
| -- | BDDh-ASL |
| 042 ## - AUTHENTICATION CODE | |
| Authentication code | premarc |
| 043 ## - GEOGRAPHIC AREA CODE | |
| Geographic area code | a-pk--- |
| 050 00 - LIBRARY OF CONGRESS CALL NUMBER | |
| Classification number | NA1508.T3 |
| Item number | S5 |
| 082 ## - DEWEY DECIMAL CLASSIFICATION NUMBER | |
| Classification number | 930.1 |
| Item number | SIT |
| 100 1# - MAIN ENTRY--PERSONAL NAME | |
| Personal name | Siddiqi, M. Idris. |
| 245 10 - TITLE STATEMENT | |
| Title | Thatta / |
| 260 ## - PUBLICATION, DISTRIBUTION, ETC. | |
| Place of publication, distribution, etc. | [Karachi] |
| Name of publisher, distributor, etc. | Dept. of Archaeology in Pakistan, |
| Date of publication, distribution, etc. | [1958] |
| -- | 1963. |
| 300 ## - PHYSICAL DESCRIPTION | |
| Extent | 1 v. (unpaged) |
| Other physical details | illus., plates (1 col.) map. |
| Dimensions | 25 cm. |
| 500 ## - GENERAL NOTE | |
| General note | Stamped on t. p.: Ferozsons, Karachi. |
| 650 #0 - SUBJECT ADDED ENTRY--TOPICAL TERM | |
| Topical term or geographic name entry element | Architecture |
| Geographic subdivision | Pakistan |
| -- | Thatta. |
| 906 ## - LOCAL DATA ELEMENT F, LDF (RLIN) | |
| a | 7 |
| b | cbc |
| c | oclcrpl |
| d | u |
| e | ncip |
| f | 19 |
| g | y-gencatlg |
| 942 ## - ADDED ENTRY ELEMENTS (KOHA) | |
| Source of classification or shelving scheme | Dewey Decimal Classification |
| Koha item type | Books |
| Withdrawn status | Lost status | Source of classification or shelving scheme | Damaged status | Not for loan | Collection code | Home library | Current library | Shelving location | Date acquired | Source of acquisition | Total Checkouts | Full call number | Barcode | Date last seen | Copy number | Price effective from | Koha item type | Public note |
|---|---|---|---|---|---|---|---|---|---|---|---|---|---|---|---|---|---|---|
| Dewey Decimal Classification | Non-fiction | Asiatic Society Library | Asiatic Society Library | General Stacks | 03/27/2021 | ASB Library Collections | 930.1 SIT | 107992 | 03/27/2021 | C-1 | 03/27/2021 | Books | RARE |